书目信息 |
| 题名: |
土动力学
|
|
| 作者: | 杨桂通 著 | |
| 分册: | ||
| 出版信息: | 北京 中国建材工业出版社 2000.10 |
|
| 页数: | 193页 | |
| 开本: | 20cm | |
| 丛书名: | ||
| 单 册: | ||
| 中图分类: | TU435 | |
| 科图分类: | ||
| 主题词: | 土力学 | |
| 电子资源: | ||
| ISBN: | 7-80159-019-8 | |
| 000 | 00499nam0 2200181 45 | |
| 001 | 0258838931 | |
| 005 | 2002040816203893 | |
| 010 | @a7-80159-019-8@dRMB 18.00 | |
| 100 | @a20020408d2000 km y0chiy0120 ea | |
| 101 | 0 | @achi |
| 200 | 1 | @a土动力学@Atu dong li xue@f杨桂通著@Fyang gui tong zhu |
| 210 | @a北京@c中国建材工业出版社@d2000.10 | |
| 215 | @a193页@d20cm | |
| 606 | 0 | @a土力学 |
| 690 | @aTU435@v3 | |
| 701 | 0 | @a杨桂通@Ayang gui tong@4著 |
| 801 | 0 | @aCN@bPFT@c20020408 |
| 905 | @a10447@dTU435@eY180 | |
| 土动力学/杨桂通著.-北京:中国建材工业出版社,2000.10 |
| 193页;20cm |
| ISBN 7-80159-019-8:RMB 18.00 |
| ● |
| 相关链接 |
|
|
|
正题名:土动力学
索取号:TU435/Y180
 
预约/预借
| 序号 | 登录号 | 条形码 | 馆藏地/架位号 | 状态 | 备注 |
| 1 | 358560 | 203585600 | 建筑库101/101建筑库 95排3列2层/ [索取号:TU435/Y180] | 在馆 | |
| 2 | 358561 | 203585619 | 建筑库101/101建筑库 95排3列2层/ [索取号:TU435/Y180] | 在馆 | |
| 3 | 358562 | 203585628 | 建筑库101/101建筑库 95排3列2层/ [索取号:TU435/Y180] | 在馆 |